Ciencias naturales : primer grado
Saved in:
| Corporate Author: | |
|---|---|
| Other Authors: | |
| Format: | Book |
| Language: | Spanish |
| Published: |
México :
Secretaría de Educación Pública. Comisión Nacional de los Libros de Texto Gratuitos,
1975.
|
| Edition: | 4a. ed. |
| Textbook Catalogue: | MANES: Library Catalog Search Result |
| Textbook Classification: |
|
| Series: | Libro de texto gratuito
|
| Tags: |
Add Tag
No Tags, Be the first to tag this record!
|
| Added to: | 2004-05-31 |
| Changed in: | 2025-05-08 |
MARC
| LEADER | 00000cam a2200000 a 4500 | ||
|---|---|---|---|
| 003 | OSt | ||
| 005 | 20250508092034.0 | ||
| 008 | 040601s1975 mx f 000 0 spa d | ||
| 040 | |a CINV |c CINV | ||
| 050 | 0 | 0 | |a LTG LB1585 |b M49 1º 1975 |
| 051 | 0 | 4 | |a LTG LB1585-M49 1º 1975 |
| 110 | 2 | |a México. |b Comisión Nacional de los Libros de Texto Gratuitos. | |
| 245 | 0 | 0 | |a Ciencias naturales : |b primer grado / |c coord. Juan Manuel Gutiérrez Vázquez. |
| 250 | |a 4a. ed. | ||
| 260 | |a México : |b Secretaría de Educación Pública. |b Comisión Nacional de los Libros de Texto Gratuitos, |c 1975. | ||
| 300 | |a 63 p | ||
| 500 | |a Ciclo escolar 1975-1976. | ||
| 440 | |a Libro de texto gratuito |9 21882 | ||
| 502 | |a Encuadernado con: Ciencias naturales : primer grado : libro del maestro | ||
| 546 | |a México | ||
| 561 | |5 mx-CINVES |a México. DIE-Cinvestav (Ciudad de México) |k MANES | ||
| 691 | 0 | |a PRI | |
| 700 | 1 | |a Gutiérrez Vázquez, Juan Manuel. |e coord. | |
| 740 | |a Ciencias naturales : primer grado : libro del maestro. | ||
| 910 | |a E-7325 |b Don-1978 |a E-7329(ej.2) | ||
| 911 | |a E-7325 | ||
| 942 | |2 ddc |c BK | ||
| 999 | |c 54853 |d 54853 | ||
| 999 | |c manes:54853 |d 54853 | ||